000 00953nam a2200253Ia 4500
003 OSt
005 20220923211304.0
006 a|||||r|||| 00| 0
007 ta
008 220922b |||||||| |||| 00| 0 hin d
020 _a9788179651315 (hbk)
_c400
024 _a233,827
037 _b416, 14/03/2008, Swaraj Prakashan
_cTextual
040 _aARTS
_cARTS
_bhin
041 _2hin
_ahin
082 _aO2526:g, 152P7
100 _aभट्ट, हरिदत्त, शैलेश
_9159297
245 0 _aगढ़वाली भाषा और उसका साहित्य
246 _aGaढ़vālī bhāṣhā aur usakā sāhitya
260 _aनई दिल्ली
_b तक्षशिला प्रकाशन
_c2007
300 _a360पृ0
_ccm.
942 _hO2526:g, 152P7
_cTEXL
_2CC
999 _c298159
_d298159